| 000 | 00694cam a22002173a 4500 | ||
|---|---|---|---|
| 001 | 45453 | ||
| 003 | PGUSA | ||
| 005 | 20140828084042.0 | ||
| 008 | 140422s2014||||xxu|||||s|||||000 | eng d | ||
| 040 |
_aPGUSA _beng |
||
| 042 | _adc | ||
| 100 | 1 |
_aSeton, Ernest Thompson, _d1860-1946 |
|
| 245 | 1 | 0 |
_aRolf salolla : _bErään partiopojan, Kuonab intiaanin ja Skookum koiran seikkailut _h[electronic resource] / _cErnest Thompson Seton |
| 260 |
_bProject Gutenberg, _c2014 |
||
| 506 | _aPublic domain in the USA. | ||
| 516 | _aElectronic text | ||
| 700 | 1 |
_aInha, Into Konrad, _d1865-1930 |
|
| 830 | 0 |
_aProject Gutenberg _v45453 |
|
| 856 | 4 | 0 | _uhttp://www.gutenberg.org/ebooks/45453 |
| 942 | _cEB | ||
| 999 |
_c274704 _d274704 |
||